Normal view MARC view

Entry Personal Name

Number of records used in: 1

001 - CONTROL NUMBER

  • control field: 2276

003 - CONTROL NUMBER IDENTIFIER

  • control field: OSt

005 - DATE AND TIME OF LATEST TRANSACTION

  • control field: 20230824102615.0

008 - FIXED-LENGTH DATA ELEMENTS

  • fixed length control field: 230824|| aca||aabn | a|a d

040 ## - CATALOGING SOURCE

  • Original cataloging agency: OSt
  • Transcribing agency: OSt

100 ## - HEADING--PERSONAL NAME

  • Personal name: Acheampong, Theophilus

670 ## - SOURCE DATA FOUND

  • Source citation: Work cat.: (OSt)10007: Petroleum resource management in Africa: lessons from ten years of oil and gas production in Ghana. /, 2022.

If you have any concerns or questions; kindly contact the library


© Powered by WIUC ICT DIRECTORATE